The Spanish missions of Texas /

Bibliographic Details
Main Author: McCaleb, Walter Flavius, 1873-1967
Format: Book
Language:English
Published: San Antonio : Naylor Co., [1954]
Subjects:

MARC

Tag First Indicator Second Indicator Subfields
LEADER 00000cam a2200000 4500
001 in00000007644
005 20190207093336.0
008 760712s1954 txua b 00100 eng
010 |a  54012958  
035 |a (OCoLC)02307112 
035 |9 AAA2141AM 
040 |a DLC  |c ILU  |d m.c.  |d TXA  |d UtOrBLW 
043 |a n-us-tx 
049 |a TXAS  |c [A09894291] 
050 0 0 |a F395.M6  |b M2 
050 4 |a F389  |b .M12 1954 
100 1 |a McCaleb, Walter Flavius,  |d 1873-1967. 
245 1 4 |a The Spanish missions of Texas /  |c Introd. [by] Carlos E. Castañeda; essay on St. Francis [by] Aurora McCaleb Pitkin. 
264 1 |a San Antonio :  |b Naylor Co.,  |c [1954] 
300 |a 121 pages :  |b illustrations ;  |c 22 cm. 
336 |a text  |b txt  |2 rdacontent 
337 |a unmediated  |b n  |2 rdamedia 
338 |a volume  |b nc  |2 rdacarrier 
500 |a The Cushing Library/Chapman Texas Collection copy is part of the Floyd & Louise Chapman Texas & Borderlands Collection.  |5 TXA 
504 |a Includes bibliography. 
650 0 |a Missions, Spanish  |z Texas. 
610 0 |a Franciscans  |z Texas. 
600 0 0 |a Francis,  |c of Assisi, Saint,  |d 1182-1226. 
999 |a MARS 
999 f f |s f85c3030-83e6-3d96-86e2-ad97703549d9  |i db332b03-879f-3566-ad4f-65a15de83cf3  |t 0 
952 f f |p noncirc  |a Texas A&M University  |b College Station  |c Cushing Memorial Library & Archives  |d Cushing: Kelsey Americana (Does not check out)  |t 0  |e F389 .M12 1954  |h Library of Congress classification  |i unmediated -- volume 
952 f f |p noncirc  |a Texas A&M University  |b College Station  |c Cushing Memorial Library & Archives  |d Cushing: Chapman Texas Collection (Does not check out)  |t 0  |e F389.M6 M12 1954  |h Library of Congress classification  |i unmediated -- volume  |m A14809894291 
998 f f |a F389.M6 M12 1954  |t 0  |l Cushing: Chapman Texas Collection (Does not check out) 
998 f f |a F389 .M12 1954  |t 0  |l Cushing: Kelsey Americana (Does not check out)